[Event "Bochum- Langenfeld"]
[Site "?"]
[Date "2022.11.06"]
[Round "4.2"]
[White "Friedmann, Rafael"]
[Black "Stoeber, Michael"]
[Result "1/2-1/2"]
[WhiteElo "2426"]
[BlackElo "2186"]
[PlyCount "49"]
[SourceVersionDate "2023.06.22"]

1. Nf3 g6 2. d4 Nf6 3. Nc3 Bg7 4. e4 d6 5. Be2 O-O 6. O-O Bg4 7. Be3 Nc6 8. d5
Bxf3 9. Bxf3 Ne5 10. Be2 c6 11. f4 Ned7 12. dxc6 bxc6 13. Kh1 Qa5 14. Rb1 Rab8
15. Bf3 Rfd8 16. Bd2 Qc7 17. Qe2 e5 18. Qf2 Re8 19. b3 Nc5 20. Rbe1 exf4 21.
Bxf4 Nfd7 22. Nb1 Re6 23. Nd2 Rbe8 24. Nc4 Ne5 25. Bxe5 1/2-1/2

[Event "Bochum- Langenfeld"]
[Site "?"]
[Date "2022.11.06"]
[Round "4.3"]
[White "Vogelmann, Peter"]
[Black "Illner, Achim"]
[Result "0-1"]
[WhiteElo "2167"]
[BlackElo "2458"]
[PlyCount "82"]
[SourceVersionDate "2023.06.22"]

1. e4 c5 2. Nf3 Nc6 3. c3 Nf6 4. e5 Nd5 5. d4 cxd4 6. Bc4 Nb6 7. Bb3 d5 8. exd6
Qxd6 9. O-O Be6 10. Bxe6 Qxe6 11. Nxd4 Nxd4 12. Qxd4 Rd8 13. Qh4 h5 14. h3 g6
15. Be3 Bg7 16. Nd2 O-O 17. Rfe1 Qf5 18. Nf3 Qb5 19. Rab1 e5 20. Bxb6 axb6 21.
b3 Qa5 22. Qb4 Qxb4 23. cxb4 Rfe8 24. Rbd1 f6 25. g4 Kf7 26. Kg2 hxg4 27. hxg4
Bf8 28. Rxd8 Rxd8 29. Re4 Ke6 30. b5 Bc5 31. Rc4 f5 32. b4 Kd5 33. Nd2 Bd4 34.
gxf5 gxf5 35. Rc7 Ra8 36. Rd7+ Ke6 37. Rxb7 Rxa2 38. Nc4 Rxf2+ 39. Kg3 f4+ 40.
Kg4 Rg2+ 41. Kh3 Rg3+ 0-1

[Event "Bochum- Langenfeld"]
[Site "?"]
[Date "2022.11.06"]
[Round "4.4"]
[White "Heinbuch, Detlef"]
[Black "Reinemer, Frank"]
[Result "1-0"]
[WhiteElo "2256"]
[BlackElo "2111"]
[PlyCount "69"]
[SourceVersionDate "2023.06.22"]

1. d4 f5 2. g3 Nf6 3. Bg2 g6 4. Nf3 Bg7 5. O-O O-O 6. c4 d6 7. Nc3 Qe8 8. Re1
Qf7 9. b3 h6 10. e4 fxe4 11. Nxe4 Nxe4 12. Rxe4 Bf5 13. Re3 c6 14. Bb2 Nd7 15.
Qe2 Rae8 16. Re1 Bg4 17. h3 Bxf3 18. Rxf3 Bf6 19. Re3 Qg7 20. Qg4 Rd8 21. Be4
Kh7 22. h4 e5 23. dxe5 Bxe5 24. h5 Bxb2 25. Bxg6+ Kh8 26. Re7 Ne5 27. R1xe5
Bxe5 28. Rxg7 Bxg7 29. Qe6 Bf6 30. Kg2 a6 31. f4 b5 32. Be4 bxc4 33. bxc4 c5
34. Qf5 Rf7 35. Qg6 1-0

[Event "Bochum- Langenfeld"]
[Site "?"]
[Date "2022.11.06"]
[Round "4.8"]
[White "Golinka, Oleksandr"]
[Black "Hess, Christian"]
[Result "0-1"]
[WhiteElo "2180"]
[BlackElo "2152"]
[PlyCount "96"]
[SourceVersionDate "2023.06.22"]

1. e4 c5 2. Nf3 Nc6 3. d4 cxd4 4. Nxd4 e6 5. Nc3 a6 6. Be3 Qc7 7. Qd2 Nf6 8. f3
b5 9. O-O-O Bb7 10. h4 Na5 11. g4 Bb4 12. Nb3 d5 13. g5 Nd7 14. Qd4 Nxb3+ 15.
axb3 Bc5 16. Qd2 b4 17. Na4 Bxe3 18. Qxe3 Rc8 19. Rd2 O-O 20. h5 Qa5 21. Kb1
Bc6 22. g6 h6 23. Bh3 f5 24. exf5 exf5 25. Qd4 Rce8 26. Rhd1 Kh8 27. c3 Rb8 28.
Re1 bxc3 29. Qxc3 Qxc3 30. Nxc3 Nf6 31. Bxf5 Nxh5 32. Bg4 Nf4 33. Ne2 Rbe8 34.
Kc2 Bb5 35. Nxf4 Rxe1 36. Nxd5 Re2 37. Nc7 Rb8 38. Nxb5 Rxd2+ 39. Kxd2 Rxb5 40.
Be6 Rg5 41. Bf7 h5 42. Ke3 h4 43. f4 Rg2 44. Kf3 h3 45. f5 Rxb2 46. Kg3 h2 47.
Bd5 a5 48. Kh3 Rxb3+ 0-1

[Event "Godesberg- Elberfeld"]
[Site "?"]
[Date "2022.11.06"]
[Round "4.1"]
[White "Odendahl, Reiner"]
[Black "Grabowski, Pawel"]
[Result "1/2-1/2"]
[WhiteElo "2316"]
[BlackElo "2199"]
[PlyCount "51"]
[SourceVersionDate "2023.06.22"]

1. b3 Nf6 2. Bb2 g6 3. Bxf6 exf6 4. c4 Bg7 5. Nc3 O-O 6. g3 Nc6 7. Bg2 Re8 8.
e3 d6 9. Nge2 Bg4 10. h3 Bd7 11. d4 Qc8 12. Rc1 Ne7 13. Nf4 a5 14. Ncd5 Ra6 15.
O-O c6 16. Nxe7+ Rxe7 17. Kh2 Bh6 18. a3 Bxf4 19. exf4 c5 20. Qd2 Bc6 21. Rfe1
Bxg2 22. Kxg2 Rxe1 23. Rxe1 cxd4 24. Qxd4 Qc6+ 25. Kg1 Kg7 26. a4 1/2-1/2

[Event "Godesberg- Elberfeld"]
[Site "?"]
[Date "2022.11.06"]
[Round "4.2"]
[White "Koehler, Christian Friedrich"]
[Black "Volkov, Mykyta"]
[Result "0-1"]
[WhiteElo "2176"]
[BlackElo "2249"]
[PlyCount "54"]
[SourceVersionDate "2023.06.22"]

1. c4 e6 2. Nc3 d5 3. e3 Nf6 4. Nf3 Be7 5. Qc2 c5 6. d4 O-O 7. a3 b6 8. Be2
cxd4 9. Nxd4 dxc4 10. Bxc4 Bb7 11. O-O Nc6 12. Nxc6 Bxc6 13. b4 Qc7 14. Be2 a5
15. b5 Bb7 16. Bb2 Rac8 17. Qb3 Nd7 18. Rac1 Nc5 19. Qc4 Qb8 20. Bf3 Bxf3 21.
gxf3 Rfd8 22. Na4 Nd3 23. Qg4 Nxb2 24. Nxb2 Rxc1 25. Rxc1 Bxa3 26. Rc2 Qe5 27.
Na4 Qxb5 0-1

[Event "Godesberg- Elberfeld"]
[Site "?"]
[Date "2022.11.06"]
[Round "4.3"]
[White "Dresen, Ulrich"]
[Black "Seger, Ruediger"]
[Result "1/2-1/2"]
[WhiteElo "2171"]
[BlackElo "2263"]
[PlyCount "21"]
[SourceVersionDate "2023.06.22"]

1. d4 Nf6 2. c4 g6 3. g3 c6 4. Bg2 d5 5. cxd5 cxd5 6. Nc3 Bg7 7. Nf3 O-O 8. O-O
Ne4 9. Ne5 Nxc3 10. bxc3 Nc6 11. Nxc6 1/2-1/2

[Event "Godesberg- Elberfeld"]
[Site "?"]
[Date "2022.11.06"]
[Round "4.4"]
[White "Dahm, Jochen"]
[Black "Hintze, Helge"]
[Result "0-1"]
[WhiteElo "2245"]
[BlackElo "2262"]
[PlyCount "184"]
[SourceVersionDate "2023.06.22"]

1. e4 e6 2. d4 d5 3. Nd2 c5 4. c3 cxd4 5. cxd4 dxe4 6. Nxe4 Nf6 7. Nc3 Bd7 8.
Nf3 Bc6 9. Ne5 Bd6 10. Bd3 Qc7 11. Qe2 Nbd7 12. Nxc6 Qxc6 13. O-O O-O 14. Bg5
Rad8 15. Rad1 Be7 16. Rfe1 Nb6 17. Qe3 Qd7 18. Qh3 g6 19. Bb5 Qd6 20. Qh4 Nbd5
21. Be2 Rd7 22. Bf3 Rfd8 23. Qh3 Qb4 24. Rxe6 fxe6 25. Qxe6+ Kg7 26. Bxd5 Ng8
27. Qe5+ Bf6 28. Bxf6+ Nxf6 29. Ne4 Qe7 30. Qxe7+ Rxe7 31. Nxf6 Kxf6 32. Bf3
Rxd4 33. Rb1 Rd2 34. h4 b6 35. a3 Rc7 36. b4 Rcc2 37. Rb3 Rc1+ 38. Kh2 Rxf2 39.
Kg3 Rfc2 40. Rd3 Rc3 41. Rd7 Rc7 42. Rd6+ Ke7 43. Rd5 R1c3 44. a4 R7c4 45. Re5+
Kd6 46. Rb5 Kc7 47. a5 Rb3 48. axb6+ axb6 49. h5 Rcxb4 50. Re5 Rd3 51. hxg6
hxg6 52. Re7+ Rd7 53. Re6 Rd6 54. Re7+ Kd8 55. Rg7 Ke8 56. Rb7 Kf8 57. Kf2 Rf6
58. Kg3 Rf7 59. Rb8+ Kg7 60. Kh3 Kf6 61. Bd5 Rd7 62. Bf3 Rd6 63. Kg3 Ke5 64.
Re8+ Re6 65. Rd8 Rd4 66. Rb8 Rdd6 67. Kg4 Kd4 68. Kf4 Kc5 69. Rc8+ Kb4 70. Rc1
Rd4+ 71. Kg5 Rd2 72. Rb1+ Kc3 73. Rg1 Rc2 74. Rb1 Rb2 75. Rc1+ Kd2 76. Rd1+ Kc2
77. Rd7 Rb5+ 78. Kg4 Rc5 79. Kf4 g5+ 80. Kg4 Ree5 81. Kh5 b5 82. Rb7 Kc3 83. g4
b4 84. Bd1 Rb5 85. Rc7+ Rec5 86. Rf7 b3 87. Rf3+ Kb2 88. Kg6 Ka2 89. Be2 Rb6+
90. Kh5 b2 91. Bd3 Rb3 92. Bb1+ Kxb1 0-1

[Event "Godesberg- Elberfeld"]
[Site "?"]
[Date "2022.11.06"]
[Round "4.5"]
[White "Kurr, Gerd"]
[Black "Rybarczyk, Klaus"]
[Result "1/2-1/2"]
[WhiteElo "2216"]
[BlackElo "2165"]
[PlyCount "51"]
[SourceVersionDate "2023.06.22"]

1. d4 Nf6 2. Nf3 g6 3. Bf4 c5 4. e3 Bg7 5. Nbd2 O-O 6. Be2 d6 7. h3 cxd4 8.
exd4 Nc6 9. c3 e5 10. dxe5 dxe5 11. Nxe5 Nd5 12. Nxc6 bxc6 13. Bg3 Re8 14. O-O
Bxc3 15. Nc4 Bxb2 16. Bf3 Bxa1 17. Qxa1 Ba6 18. Rc1 Bxc4 19. Rxc4 Re6 20. Qc1
Qb6 21. Kh2 a5 22. Qh6 Qb2 23. Bg4 Re1 24. Rxc6 Ne7 25. Rc5 Qb1 26. Be5 1/2-1/2

[Event "Godesberg- Elberfeld"]
[Site "?"]
[Date "2022.11.06"]
[Round "4.6"]
[White "Schulte- Geers, Niklas"]
[Black "Noetzel, Frank"]
[Result "1/2-1/2"]
[WhiteElo "2177"]
[BlackElo "2236"]
[PlyCount "38"]
[SourceVersionDate "2023.06.22"]

1. d4 f5 2. c4 Nf6 3. Nf3 g6 4. g3 Bg7 5. Bg2 O-O 6. O-O d6 7. b3 Nc6 8. Bb2
Ne4 9. Nbd2 Nxd2 10. Qxd2 e5 11. dxe5 dxe5 12. Qd5+ Kh8 13. Qc5 Qe8 14. Rfd1 b6
15. Qe3 Rb8 16. Rd5 Be6 17. Rxe5 Nxe5 18. Nxe5 Kg8 19. f4 Rd8 1/2-1/2

[Event "Godesberg- Elberfeld"]
[Site "?"]
[Date "2022.11.06"]
[Round "4.7"]
[White "Tymura, Achim"]
[Black "Brandt, Sebastian"]
[Result "1-0"]
[WhiteElo "2049"]
[BlackElo "2166"]
[Annotator "daniel"]
[PlyCount "127"]
[SourceVersionDate "2023.06.22"]

1. d4 d5 2. c4 e6 3. Nc3 Bb4 4. Nf3 dxc4 5. e3 b5 6. Bd2 c6 7. a4 a5 8. Ne5 Nf6
9. Qf3 Ra7 10. Nxc6 Nxc6 11. Qxc6+ Bd7 12. Qf3 bxa4 13. Bxc4 a3 14. b3 a4 15.
O-O Qa5 16. Rfc1 axb3 17. Bxb3 O-O 18. Qd1 Rb8 19. Nb1 $11 Qb6 20. Bxb4 Qxb4
21. Nd2 h6 22. Rc4 Qa5 23. Rc5 Rb5 24. Rxb5 Qxb5 25. Qc1 Nd5 26. Bxd5 exd5 27.
Rxa3 Rxa3 28. Qxa3 Qe2 29. Qc1 h5 30. Nf3 Bf5 31. Qd2 Qb5 32. h4 Qb1+ 33. Qe1
Qb8 34. Qc1 f6 35. Nd2 Kh7 36. Nf1 Bg6 37. Ng3 Qb3 38. Qe1 Qd3 39. Ne2 Bf7 40.
Nf4 Qe4 41. Qe2 Qb1+ 42. Kh2 Qb8 43. g3 Qe8 44. Qf3 Qb5 45. Nxh5 Bg6 46. Nf4
Be4 47. Qe2 Qb1 48. f3 Bc2 49. Nxd5 Bd1 50. Nc3 Bxe2 51. Nxb1 Bxf3 52. Nd2 Bb7
53. g4 g6 54. Kg3 f5 55. gxf5 gxf5 56. Kf4 Kg6 57. h5+ Kxh5 58. Kxf5 Bc8+ 59.
Kf6 Kg4 60. d5 Kg3 61. Ke5 Kf2 62. Kd4 Bb7 63. d6 Bc6 64. Nc4 1-0

[Event "Godesberg- Elberfeld"]
[Site "?"]
[Date "2022.11.06"]
[Round "4.8"]
[White "Broehl, Stephan"]
[Black "Neuer, Thomas"]
[Result "1/2-1/2"]
[WhiteElo "2128"]
[BlackElo "2102"]
[PlyCount "45"]
[SourceVersionDate "2023.06.22"]

1. e4 e6 2. d4 d5 3. Nc3 Nc6 4. Nf3 Nf6 5. e5 Ne4 6. Ne2 f6 7. Ng3 fxe5 8. Bb5
exd4 9. Nxe4 dxe4 10. Nxd4 Qd5 11. O-O Bd7 12. Bxc6 Bxc6 13. Nxc6 Qxc6 14. Qh5+
g6 15. Qe5 Rg8 16. Bg5 Qd5 17. Qf6 Qf5 18. Rad1 Qxf6 19. Bxf6 Bg7 20. Bxg7 Rxg7
21. Rd4 Rd8 22. Rxe4 Rd2 23. Rc4 1/2-1/2

[Event "Sodingen- Brackel 2"]
[Site "?"]
[Date "2022.11.06"]
[Round "4.1"]
[White "Stemmler, Fabian"]
[Black "Waldschmidt, Georg"]
[Result "0-1"]
[WhiteElo "2099"]
[BlackElo "2186"]
[PlyCount "124"]
[SourceVersionDate "2023.06.22"]

1. d4 d5 2. c4 e6 3. Nc3 Be7 4. cxd5 exd5 5. Bf4 c6 6. e3 Bf5 7. Nf3 Nf6 8. Bd3
Bxd3 9. Qxd3 O-O 10. h3 Bd6 11. Bxd6 Qxd6 12. O-O Nbd7 13. Rac1 Rfe8 14. Nd2 h6
15. Na4 Ne4 16. Nxe4 Rxe4 17. Nc5 Nxc5 18. Qa3 f5 19. Qxc5 Qxc5 20. Rxc5 f4 21.
b4 a6 22. a4 fxe3 23. fxe3 Rxe3 24. b5 axb5 25. axb5 Ra2 26. bxc6 Ree2 27. Rf8+
Kxf8 28. c7 Re1+ 29. Kh2 Ra8 30. c8=Q+ Rxc8 31. Rxc8+ Re8 32. Rc5 Rd8 33. Rc7
Rb8 34. Rc5 b5 35. Rxd5 b4 36. Re5 b3 37. Re1 b2 38. Rb1 Rb3 39. Kg1 Ke7 40.
Kf1 Kd6 41. Ke1 Kd5 42. Kd1 Kxd4 43. Kc2 Kc4 44. h4 h5 45. g3 Rxg3 46. Rf1 Rg2+
47. Kb1 Kd3 48. Rf5 g6 49. Re5 Kc3 50. Rc5+ Kd4 51. Rc6 Ke5 52. Rc4 Kf5 53. Rb4
Rg4 54. Rb5+ Kf4 55. Kxb2 Kg3 56. Kc2 Kxh4 57. Kd2 Re4 58. Rb1 Kg5 59. Rg1+ Kh6
60. Rc1 h4 61. Kd3 Re7 62. Rc8 Kh5 0-1

[Event "Sodingen- Brackel 2"]
[Site "?"]
[Date "2022.11.06"]
[Round "4.2"]
[White "Wern, Pascal"]
[Black "Garbuz, Vitaliy"]
[Result "0-1"]
[WhiteElo "2081"]
[BlackElo "2147"]
[PlyCount "74"]
[SourceVersionDate "2023.06.22"]

1. d4 d5 2. Nf3 Nf6 3. Bf4 c5 4. e3 Nc6 5. c3 Qb6 6. Qb3 c4 7. Qc2 Bf5 8. Qc1
e6 9. Be2 h6 10. h3 Be7 11. Nbd2 O-O 12. O-O Rfc8 13. Kh1 Qd8 14. Ne5 Nxe5 15.
Bxe5 b5 16. f3 a5 17. e4 Bg6 18. Bxf6 Bxf6 19. e5 Be7 20. f4 b4 21. g4 Qd7 22.
Bd1 Bd3 23. Rf3 g5 24. Bc2 gxf4 25. Bxd3 cxd3 26. Rxf4 Qc7 27. Nb1 Bg5 28. h4
Bxh4 29. Qd1 Qb7 30. Nd2 Bg5 31. Rf2 bxc3 32. bxc3 Rxc3 33. Nb3 Qb4 34. Qf3 Ra7
35. Raf1 d2 36. Qe2 Re3 37. Qd1 Re1 0-1

[Event "Sodingen- Brackel 2"]
[Site "?"]
[Date "2022.11.06"]
[Round "4.3"]
[White "Elier, Ali"]
[Black "Becker, Joerg"]
[Result "1/2-1/2"]
[WhiteElo "2165"]
[BlackElo "2195"]
[PlyCount "42"]
[SourceVersionDate "2023.06.22"]

1. e4 d5 2. exd5 Nf6 3. c4 c6 4. dxc6 Nxc6 5. Nf3 e5 6. d3 e4 7. dxe4 Qxd1+ 8.
Kxd1 Nxe4 9. Be3 Bg4 10. Be2 O-O-O+ 11. Kc1 Bc5 12. Bxc5 Nxc5 13. Nc3 Rhe8 14.
Rd1 Bf5 15. Rxd8+ Kxd8 16. Kd2 Kc8 17. Rd1 Nb4 18. Nd4 Rd8 19. Ke3 Re8+ 20. Kd2
Rd8 21. Ke3 Re8+ 1/2-1/2

[Event "Sodingen- Brackel 2"]
[Site "?"]
[Date "2022.11.06"]
[Round "4.4"]
[White "Banik, Thorsten"]
[Black "Kracht, Raphael"]
[Result "0-1"]
[WhiteElo "2105"]
[BlackElo "2124"]
[PlyCount "64"]
[SourceVersionDate "2023.06.22"]

1. d4 Nf6 2. Bg5 d5 3. Bxf6 gxf6 4. c4 dxc4 5. e3 c5 6. Bxc4 cxd4 7. exd4 Bg7
8. Qh5 O-O 9. Bd3 f5 10. Nf3 Nc6 11. Nc3 Nxd4 12. O-O-O Qb6 13. Rhe1 Qh6+ 14.
Qxh6 Bxh6+ 15. Nd2 Be6 16. Kb1 Rac8 17. Ne2 Nxe2 18. Bxe2 Rfd8 19. Nb3 Bd5 20.
Bf3 Bxf3 21. gxf3 e6 22. Rg1+ Kf8 23. Nd4 a6 24. Rge1 Kg7 25. Rxe6 Rxd4 26.
Rg1+ Rg4 27. fxg4 fxe6 28. g5 Bxg5 29. f4 h6 30. h4 e5 31. fxg5 hxg5 32. Rxg5+
Kf6 0-1

[Event "Sodingen- Brackel 2"]
[Site "?"]
[Date "2022.11.06"]
[Round "4.5"]
[White "Gerlach, Felix"]
[Black "Hille, Ralph Ingo"]
[Result "1-0"]
[WhiteElo "2048"]
[BlackElo "2074"]
[PlyCount "81"]
[SourceVersionDate "2023.06.22"]

1. c4 d6 2. g3 e5 3. Bg2 Nf6 4. Nc3 c6 5. d4 Nbd7 6. e4 Be7 7. Nge2 O-O 8. O-O
Re8 9. h3 Bf8 10. Re1 h6 11. g4 g6 12. Be3 Qc7 13. Qd2 Kh7 14. f4 Bg7 15. Rac1
Nf8 16. b4 a5 17. a3 axb4 18. axb4 Ne6 19. fxe5 dxe5 20. d5 Nf4 21. c5 g5 22.
Ng3 h5 23. gxh5 Bh6 24. Kh2 Rg8 25. Rg1 N6xh5 26. Nxh5 Nxh5 27. Bf3 Nf4 28. d6
Qd8 29. Bxf4 gxf4 30. Qf2 Be6 31. Rxg8 Kxg8 32. Rg1+ Kh7 33. Bg4 Qd7 34. Qc2 f3
35. Bf5+ Kh8 36. Kh1 Be3 37. Rg3 Ra1+ 38. Nd1 f2 39. Qe2 Bxf5 40. Qh5+ Bh7 41.
Qxe5+ 1-0

[Event "Sodingen- Brackel 2"]
[Site "?"]
[Date "2022.11.06"]
[Round "4.6"]
[White "Foerster, Wolfgang"]
[Black "Bartelt, Max Peter"]
[Result "0-1"]
[WhiteElo "1997"]
[BlackElo "2026"]
[PlyCount "84"]
[SourceVersionDate "2023.06.22"]

1. e4 e6 2. Nf3 d5 3. exd5 exd5 4. d4 Bd6 5. h3 Bf5 6. Bd3 Qd7 7. Bxf5 Qxf5 8.
O-O Nc6 9. Re1+ Nge7 10. b3 O-O-O 11. c4 dxc4 12. bxc4 f6 13. Ba3 g5 14. g4 Qd7
15. Bxd6 Qxd6 16. d5 Ng6 17. Qd3 Nce5 18. Nxe5 Nxe5 19. Qf5+ Kb8 20. Nd2 h5 21.
Ne4 Qa3 22. Re3 Qb2 23. Rf1 hxg4 24. Rb3 Qxb3 25. axb3 Nf3+ 26. Qxf3 gxf3 27.
Kh2 g4 28. Kg3 f5 29. Ng5 Rh5 30. Ne6 Rg8 31. hxg4 Rxg4+ 32. Kxf3 Rh3+ 33. Ke2
Rxb3 34. Rh1 a5 35. c5 Rg8 36. Rh7 Re8 37. Kd2 Rc8 38. d6 cxd6 39. cxd6 Rb6 40.
d7 Rd6+ 41. Ke3 Rxe6+ 42. Kf4 Rd8 0-1

[Event "Sodingen- Brackel 2"]
[Site "?"]
[Date "2022.11.06"]
[Round "4.7"]
[White "Seref, Erdogan"]
[Black "Ribbeheger, Edgar"]
[Result "1-0"]
[WhiteElo "1987"]
[BlackElo "2016"]
[PlyCount "53"]
[SourceVersionDate "2023.06.22"]

1. e4 c6 2. Nf3 d5 3. Nc3 dxe4 4. Nxe4 Nf6 5. Nxf6+ exf6 6. d4 Bd6 7. Be2 O-O
8. O-O Bg4 9. Nh4 f5 10. Nf3 f4 11. Ne5 Bxe5 12. dxe5 Qxd1 13. Bxd1 Bxd1 14.
Rxd1 g5 15. h4 h6 16. hxg5 hxg5 17. g3 fxg3 18. fxg3 Na6 19. Bxg5 Nb4 20. a3
Nd5 21. c4 Nb6 22. Bf6 Kh7 23. b3 Rg8 24. Kf2 Rg6 25. a4 Rag8 26. a5 Nc8 27.
Rd7 1-0

[Event "Sodingen- Brackel 2"]
[Site "?"]
[Date "2022.11.06"]
[Round "4.8"]
[White "Rohovoy, Dmitrij"]
[Black "Garbuz, Nicole"]
[Result "1-0"]
[WhiteElo "1918"]
[BlackElo "1796"]
[PlyCount "106"]
[SourceVersionDate "2023.06.22"]

1. d4 d5 2. c4 e6 3. Nc3 Nf6 4. Nf3 Nbd7 5. Bg5 Be7 6. e3 O-O 7. Bd3 h6 8. Bh4
Re8 9. O-O c5 10. Rc1 cxd4 11. exd4 a6 12. c5 Nb8 13. Ne5 Nfd7 14. Nxd7 Bxd7
15. Bxe7 Qxe7 16. Bc2 Nc6 17. Qd3 Qf6 18. Rfd1 g6 19. a3 Na5 20. Ba4 Bc6 21.
Bxc6 Nxc6 22. Na4 Rad8 23. Nb6 e5 24. dxe5 Rxe5 25. h3 Rf5 26. Qd2 Kh7 27. Rc3
d4 28. Rcc1 Ne5 29. Nc4 Nf3+ 30. gxf3 Rg5+ 31. Kh2 Qxf3 32. Rg1 Rxc5 33. Rg3
Qd5 34. Nb6 Qd6 35. Rxc5 Qxc5 36. Qb4 Qf5 37. Qd2 Qc5 38. Na4 Qc6 39. b3 Qd6
40. b4 h5 41. Kg1 b6 42. Nb2 Qd5 43. Qg5 Qd7 44. Nd3 Rc8 45. Qf4 Kg7 46. Rf3
Rc3 47. Ne5 Rxf3 48. Qxf3 Qe6 49. Nd3 Qb3 50. Qe4 Qc3 51. a4 a5 52. bxa5 bxa5
53. Qe5+ Kf8 1-0

[Event "Mülheim Nord 3- Werden"]
[Site "?"]
[Date "2022.11.06"]
[Round "4.1"]
[White "Kaufeld, Juergen"]
[Black "Walter, Andreas"]
[Result "1-0"]
[WhiteElo "2298"]
[BlackElo "2164"]
[PlyCount "81"]
[SourceVersionDate "2023.06.22"]

1. d4 e6 2. c4 Nf6 3. Nf3 c5 4. d5 d6 5. Nc3 exd5 6. cxd5 g6 7. Nd2 a6 8. a4
Bg7 9. Nc4 O-O 10. Bf4 Ne8 11. Qd2 Qc7 12. e3 f5 13. h4 Nd7 14. h5 Rb8 15. hxg6
hxg6 16. a5 Ndf6 17. Bd3 Bd7 18. Nb6 Ng4 19. O-O-O Rf7 20. Qc2 c4 21. Bxc4 Qc5
22. Kb1 Qxa5 23. Nxd7 Rxd7 24. f3 Ne5 25. Ba2 b5 26. Ne2 Nc4 27. Nd4 Qb4 28.
Ka1 Rc7 29. Qb3 Qa5 30. Nc6 Qb6 31. Nxb8 Qxb8 32. Kb1 Bxb2 33. e4 fxe4 34. fxe4
Nf6 35. Qh3 Nh5 36. Qe6+ Kg7 37. Rxh5 gxh5 38. Rd3 Be5 39. Rg3+ Kh8 40. Qh6+
Rh7 41. Bxe5+ 1-0

[Event "Mülheim Nord 3- Werden"]
[Site "?"]
[Date "2022.11.06"]
[Round "4.2"]
[White "Oltmanns, Jan"]
[Black "Berger, Konstantin"]
[Result "1/2-1/2"]
[WhiteElo "2146"]
[BlackElo "2067"]
[Annotator "daniel"]
[PlyCount "91"]
[SourceVersionDate "2023.06.22"]

1. e4 c5 2. Nf3 d6 3. d4 cxd4 4. Nxd4 Nf6 5. Nc3 a6 6. f3 e5 7. Nb3 Be6 8. Be3
Be7 9. Qd2 h5 10. Nd5 Nxd5 11. exd5 Bf5 12. Be2 a5 13. a4 Nd7 14. O-O O-O 15.
f4 exf4 16. Bxf4 Bg6 17. Kh1 Ne5 18. Nd4 Rc8 19. b3 Bf6 20. Rac1 Re8 $11 21.
Nb5 h4 22. h3 Be4 23. Bd3 Nxd3 24. cxd3 Bxd5 25. Nxd6 Rxc1 26. Rxc1 Qd7 27. Kh2
Re6 28. Ne4 Bd4 29. Qxa5 Ra6 30. Qb4 Qf5 31. Bb8 Be3 32. Re1 Bf4+ 33. Bxf4
Qxf4+ 34. Kh1 Rg6 35. Qd4 Bc6 36. Rg1 Qf5 37. Qd8+ Kh7 38. Qxh4+ Rh6 39. Qg3 f6
40. Kh2 Qd5 41. Nd2 Qd4 42. Nf3 Qb2 43. d4 Rg6 44. Qh4+ Kg8 45. Qh5 Rh6 46. Qg4
1/2-1/2

[Event "Mülheim Nord 3- Werden"]
[Site "?"]
[Date "2022.11.06"]
[Round "4.3"]
[White "Roth, Markus"]
[Black "Limbourg, Philipp"]
[Result "1/2-1/2"]
[WhiteElo "2177"]
[BlackElo "2216"]
[Annotator "daniel"]
[PlyCount "90"]
[SourceVersionDate "2023.06.22"]

1. Nf3 Nc6 2. c4 e5 3. Nc3 Bc5 4. e3 d6 5. d4 exd4 6. exd4 Bb4 7. Bd2 Bxc3 8.
Bxc3 d5 9. Be2 Nge7 10. O-O O-O 11. b4 dxc4 12. Bxc4 Nd5 13. Qb3 Be6 14. Rfe1
a5 15. b5 a4 16. Qc2 Ncb4 17. Qd2 Nxc3 18. Bxe6 fxe6 19. Qxc3 Nd5 20. Qd3 Qf6
21. Re5 Rad8 $11 22. Rae1 Nf4 23. Qe4 Rd5 24. Re3 Rxe5 25. dxe5 Qd8 26. g3 Nd5
27. Rd3 a3 28. Nd4 Nb4 29. Rd2 c5 30. Nf3 Nd5 31. Qg4 Rf5 32. h4 h6 33. Qg6 Qd7
34. Nh2 Qf7 35. Qxf7+ Kxf7 36. Rd3 Rxe5 37. Nf3 Re2 38. Rxa3 Rb2 39. Ne5+ Ke7
40. Rf3 Nf6 41. a4 Ra2 42. Rf4 Re2 43. Nc4 g5 44. hxg5 hxg5 45. Rf3 Re4 1/2-1/2

[Event "Mülheim Nord 3- Werden"]
[Site "?"]
[Date "2022.11.06"]
[Round "4.4"]
[White "Voss, Gunther"]
[Black "Ter Steeg, Marcus"]
[Result "1-0"]
[WhiteElo "2131"]
[BlackElo "2036"]
[PlyCount "51"]
[SourceVersionDate "2023.06.22"]

1. e4 e5 2. Nf3 Nc6 3. Bb5 Nf6 4. O-O Nxe4 5. d4 Nd6 6. Bxc6 dxc6 7. dxe5 Nf5
8. Qxd8+ Kxd8 9. Rd1+ Ke8 10. Nc3 a5 11. a4 Bb4 12. Ne4 Be6 13. c3 Bd5 14. Re1
Be7 15. Nf6+ gxf6 16. exf6 Bxf3 17. gxf3 Rg8+ 18. Kf1 Kd7 19. fxe7 Rae8 20. Re5
Nh4 21. Bg5 f6 22. Rd1+ Kc8 23. Rxa5 b6 24. Ra8+ Kb7 25. Rxe8 Rxg5 26. Rb8+ 1-0

[Event "Mülheim Nord 3- Werden"]
[Site "?"]
[Date "2022.11.06"]
[Round "4.5"]
[White "Huette, Stefan"]
[Black "Bus, Tom"]
[Result "1/2-1/2"]
[WhiteElo "2041"]
[BlackElo "2144"]
[Annotator "daniel"]
[PlyCount "54"]
[SourceVersionDate "2023.06.22"]

1. d4 Nf6 2. Nf3 d5 3. Bf4 e6 4. e3 Bd6 5. Bxd6 Qxd6 6. c3 O-O 7. Ne5 c5 8. Nd2
Nc6 9. f4 b6 10. Bb5 Bb7 11. Nxc6 Bxc6 12. Bxc6 Qxc6 13. O-O $11 a5 14. g4 b5
15. g5 Ne4 16. Nxe4 dxe4 17. dxc5 Rad8 18. Qe2 Rd3 19. Rad1 Rfd8 20. Rxd3 exd3
21. Rd1 Qd5 22. Qg2 Qxc5 23. Qe4 Qc4 24. Qxc4 bxc4 25. b3 cxb3 26. axb3 Kf8 27.
Kf2 Rb8 1/2-1/2

[Event "Mülheim Nord 3- Werden"]
[Site "?"]
[Date "2022.11.06"]
[Round "4.6"]
[White "Mainusch, Martin"]
[Black "Claussen, Uwe"]
[Result "1/2-1/2"]
[WhiteElo "2068"]
[BlackElo "2084"]
[PlyCount "51"]
[SourceVersionDate "2023.06.22"]

1. Nf3 b6 2. g3 Bb7 3. Bg2 e6 4. O-O Nf6 5. c4 Be7 6. Nc3 O-O 7. d4 Ne4 8. Qc2
Nxc3 9. Qxc3 f5 10. b3 Be4 11. Bb2 Bf6 12. Qd2 d6 13. Rfd1 Nd7 14. b4 Qe7 15.
a4 c5 16. dxc5 Bxb2 17. Qxb2 dxc5 18. b5 Rad8 19. Rd2 Bxf3 20. exf3 Qf6 21.
Qxf6 Nxf6 22. Rad1 Rxd2 23. Rxd2 Kf7 24. f4 Ke7 25. Bf3 Rd8 26. Rxd8 1/2-1/2

[Event "Mülheim Nord 3- Werden"]
[Site "?"]
[Date "2022.11.06"]
[Round "4.7"]
[White "Rehfeldt, Jens"]
[Black "Roitburd, Talik"]
[Result "0-1"]
[WhiteElo "2039"]
[BlackElo "2144"]
[PlyCount "72"]
[SourceVersionDate "2023.06.22"]

1. e4 c5 2. Nc3 a6 3. Bc4 e6 4. a4 Nc6 5. d3 Nf6 6. f3 d5 7. Ba2 Nb4 8. Bb1 Qc7
9. Nge2 Bd7 10. O-O O-O-O 11. Qe1 Rg8 12. f4 dxe4 13. dxe4 Bc6 14. Ng3 h5 15.
e5 Ng4 16. h3 Nh6 17. Nxh5 Nf5 18. Ne2 Be7 19. Ra3 Rh8 20. Nhg3 Nh4 21. Rf2 c4
22. Nc3 Bxg2 23. Nce4 Nd5 24. Nd6+ Rxd6 25. exd6 Bxd6 26. Re3 Nxe3 27. Bxe3
Nf3+ 28. Rxf3 Bxf3 29. Qf1 Bd5 30. c3 Bc5 31. Bd4 Bxd4+ 32. cxd4 Qb6 33. Qf2
Rxh3 34. Be4 Rxg3+ 35. Qxg3 Qxd4+ 36. Kh2 Bxe4 0-1

[Event "Mülheim Nord 3- Werden"]
[Site "?"]
[Date "2022.11.06"]
[Round "4.8"]
[White "Schmidt, Kevin"]
[Black "Mann, Gergely"]
[Result "1-0"]
[WhiteElo "1966"]
[BlackElo "1946"]
[PlyCount "109"]
[SourceVersionDate "2023.06.22"]

1. e4 c6 2. Nc3 d5 3. d4 dxe4 4. Nxe4 Nf6 5. Nxf6+ exf6 6. c3 Bd6 7. Bd3 O-O 8.
Ne2 Re8 9. O-O Nd7 10. Ng3 g6 11. Qf3 Nf8 12. Ne4 Be7 13. Bd2 f5 14. Nc5 Bxc5
15. dxc5 Nd7 16. Rfe1 Rxe1+ 17. Rxe1 Nxc5 18. Bh6 Be6 19. Bb1 Qf6 20. Qe3 Nd7
21. a4 Nb6 22. Bg5 Qg7 23. Bh6 Qf6 24. Bg5 f4 25. Bxf4 Nd5 26. Be5 Nxe3 27.
Bxf6 Nd5 28. Bd4 Nb6 29. a5 Nc4 30. b4 b6 31. Ba2 b5 32. a6 Kf8 33. f3 Ke7 34.
Bxc4 bxc4 35. Re5 Kd6 36. b5 cxb5 37. Rxb5 Bc8 38. Ra5 Be6 39. Kf2 h6 40. g4 f5
41. Kg3 fxg4 42. fxg4 Bd5 43. h4 Ke6 44. Ra2 Kd6 45. Rf2 Be4 46. h5 Rg8 47.
Rf6+ Kd5 48. hxg6 Rxg6 49. Rxg6 Bxg6 50. Bxa7 Kc6 51. Be3 h5 52. g5 Kc7 53. Kf4
Kc6 54. Bf2 h4 55. Kg4 1-0